| 000 | 00671cam a22002414a 4500 | ||
|---|---|---|---|
| 001 | sa 65010385 | ||
| 003 | DLC | ||
| 005 | 20260227112208.0 | ||
| 008 | 941020s1963 bg a 000 0 beno | ||
| 010 | _asa 65010385 | ||
| 025 | _aPL480:EP-B-844 | ||
| 035 | _a(OCoLC)31322424 | ||
| 040 |
_aDLC _cDLC |
||
| 043 | _aa-bg--- | ||
| 050 | 0 | 0 |
_aHQ743 _b.J35 1963 |
| 100 | 0 | _aJasīma Uddīna. | |
| 245 | 1 | 0 |
_aĀdhunikā strīra svāmī-sebā / _cJasīma Uddīna. |
| 260 |
_aḌhākā : _bBulabula Sāhitya Kuṭira, _c1963. |
||
| 300 |
_a132 p. : _bill. ; _c19 cm. |
||
| 546 | _aIn Bengali. | ||
| 650 | 0 |
_aMarriage counseling _zBangladesh. |
|
| 650 | 0 |
_aWives _zBangladesh. |
|
| 999 |
_c66703 _d66703 |
||